Normal view MARC view

Entry Personal Name

Number of records used in: 1

001 - CONTROL NUMBER

  • control field: 1155547

003 - CONTROL NUMBER IDENTIFIER

  • control field: OSt

005 - DATE AND TIME OF LATEST TRANSACTION

  • control field: 20260324115650.0

008 - FIXED-LENGTH DATA ELEMENTS

  • fixed length control field: 260324|| aca||aabn | a|a d

040 ## - CATALOGING SOURCE

  • Original cataloging agency: OSt
  • Transcribing agency: OSt

100 ## - HEADING--PERSONAL NAME

  • Personal name: A.M. Glezer; E.V. Kozlov; N.A. Koneva; N. A. Popova; I. A. Kurzina

670 ## - SOURCE DATA FOUND

  • Source citation: Work cat.: (OSt)1746584: A.M. Glezer; E.V. Kozlov; N.A. Koneva; N. A. Popova; I. A. Kurzina, Plastic Deformation of Nanostructured Materials
Copyright @ Delhi University Library System